Návrh montáže ventilovej stanice vo firme STABIL s.r.o.

Saved in:
Bibliographic Details
Main Author: Matovič, Martin (Author)
Other Authors: Prítrský, Roman (Thesis advisor)
Format: Manuscript Book
Language:Slovak
Published: 2015
Subjects:
Online Access:http://is.stuba.sk/zp/portal_zp.pl?podrobnosti=121367
Tags: Add Tag
No Tags, Be the first to tag this record!

MARC

LEADER 00000ntm a22000003a 4500
001 stuzp50523
003 SK-STU
005 20160719153600.6
007 ta
008 150427s2015----xo-----f-mn---000-0-slo-d
040 |a STU  |b slo 
041 0 |a slo 
100 1 |a Matovič, Martin  |u 063000  |4 aut  |U MTF Materiálovotechnologická fakulta  |T MTF Ústav výrobných technológií  |X 6585  |U M3000  |Y 83  |7 6585 
242 0 1 |a Design assembly of valve station in company STABIL spol. s r.o.  |y eng 
245 1 0 |a Návrh montáže ventilovej stanice vo firme STABIL s.r.o. 
260 |c 2015 
650 4 |a Systém  |2 slo 
650 4 |a Ventilová stanica  |2 slo 
650 4 |a Montáž  |2 slo 
650 4 |a Návrh  |2 slo 
650 4 |a Valve station  |2 eng 
650 4 |a Design  |2 eng 
650 4 |a System  |2 eng 
650 4 |a Assembly  |2 eng 
700 1 |a Prítrský, Roman  |4 ths  |X 78099  |7 78099 
856 4 |u http://is.stuba.sk/zp/portal_zp.pl?podrobnosti=121367 
996 |c M* BP-7427  |l MMSKP  |s P  |a 0  |w stuzp50523_0001 
SQL |a stuzp50523  |b DBP  |c SLO  |d Návrh montáže ventilovej stanice vo firme STABIL s.r.o.  |e 6585  |f Matovič, Martin  |g 063000  |h 78099  |i Prítrský, Roman  |j 20150623  |k 174  |l 06  |m http://is.stuba.sk/zp/portal_zp.pl?podrobnosti=121367  |n B-PPT  |o 5.2.51. výrobné technológie